CFIN3 (Record no. 215982)

MARC details
000 -LEADER
fixed length control field 00486nam a22001937a 4500
008 - FIXED-LENGTH DATA ELEMENTS--GENERAL INFORMATION
fixed length control field 250730b |||||||| |||| 00| 0 eng d
020 ## - INTERNATIONAL STANDARD BOOK NUMBER
International Standard Book Number 978-1-133-62640-4
050 ## - LIBRARY OF CONGRESS CALL NUMBER
Classification number HG4026 .B47 2013
100 ## - MAIN ENTRY--PERSONAL NAME
Personal name BESLEY, SCOTT
245 ## - TITLE STATEMENT
Title CFIN3
250 ## - EDITION STATEMENT
Edition statement 3
260 ## - PUBLICATION, DISTRIBUTION, ETC.
Place of publication, distribution, etc. MASON, OH
Name of publisher, distributor, etc. SOUTH-WESTERN,
Date of publication, distribution, etc. 2013
300 ## - PHYSICAL DESCRIPTION
Extent VIII, 328P.:ILL
500 ## - GENERAL NOTE
General note INCLUDES INDEX
650 ## - SUBJECT ADDED ENTRY
Topical term or geographic name entry element CORPORATIONS--FINANCE
700 ## - ADDED ENTRY--PERSONAL NAME
Personal name BRIGHAM, EUGENE F.
942 ## - ADDED ENTRY ELEMENTS (KOHA)
Source of classification or shelving scheme Library of Congress Classification
Koha item type Long Loan Book
Holdings
Withdrawn status Lost status Source of classification or shelving scheme Damaged status Not for loan Collection Home library Current library Shelving location Date acquired Inventory number Total checkouts Full call number Barcode Date last seen Copy number Price effective from Koha item type
    Library of Congress Classification     Business & Economics Kisii University Library Kisii University Library On Display 07/30/2025 109390   HG4026 .B47 2013 000000024341 07/30/2025 1 07/30/2025 Long Loan Book
    Library of Congress Classification     Business & Economics Kisii University Library Kisii University Library On Display 07/30/2025 109391   HG4026 .B47 2013 000000024372 07/30/2025 2 07/30/2025 Long Loan Book
    Library of Congress Classification     Business & Economics Kisii University Library Kisii University Library On Display 07/30/2025 109392   HG4026 .B47 2013 000000024373 07/30/2025 3 07/30/2025 Long Loan Book
    Library of Congress Classification     Business & Economics Kisii University Library Kisii University Library On Display 07/30/2025 109393   HG4026 .B47 2013 000000024374 07/30/2025 4 07/30/2025 Long Loan Book
    Library of Congress Classification     Business & Economics Kisii University Library Kisii University Library On Display 07/30/2025 109394   HG4026 .B47 2013 000000024375 07/30/2025 5 07/30/2025 Long Loan Book